Temblor de mis días (Record no. 90323)

MARC details
000 -LEADER
campo de control de longitud fija 00664nam a2200193 i 4500
001 - NÚMERO DE CONTROL
campo de control 90323
003 - IDENTIFICADOR DE NÚMERO DE CONTROL
campo de control ES-MaACL
005 - FECHA Y HORA DE LA ÚLTIMA TRANSACCIÓN
campo de control 20230906180418.0
007 - CAMPO FIJO DE DESCRIPCIÓN FÍSICA--INFORMACIÓN GENERAL
campo de control de longitud fija t|
008 - DATOS DE LONGITUD FIJA--INFORMACIÓN GENERAL
campo de control de longitud fija 050120s1964 sp ||||1| spa d
100 1# - ENTRADA PRINCIPAL--NOMBRE DE PERSONA
Nombre de persona Ledesma Criado, José.
9 (RLIN) 71152
245 10 - MENCIÓN DEL TÍTULO
Título Temblor de mis días
Resto del título : (poemas) /
Mención de responsabilidad, etc. José Ledesma Criado ; prólogo de Emilio Salcedo ; ilustraciones L. González Serra y Antonio Mayor.
260 ## - PUBLICACIÓN, DISTRIBUCIÓN, ETC.
Lugar de publicación, distribución, etc. Salamanca :
Nombre del editor, distribuidor, etc. [s.n.,
Fecha de publicación, distribución, etc. 1964] (
Fabricante Imp. Núñez)
300 ## - DESCRIPCIÓN FÍSICA
Extensión 64 p., 4 lám. ;
Dimensiones 24 cm.
700 1# - ENTRADA AGREGADA--NOMBRE PERSONAL
Nombre de persona Salcedo, Emilio.
9 (RLIN) 101838
700 1# - ENTRADA AGREGADA--NOMBRE PERSONAL
Nombre de persona González Serra, L.
9 (RLIN) 58967
700 1# - ENTRADA AGREGADA--NOMBRE PERSONAL
Nombre de persona Mayor, Antonio.
9 (RLIN) 79403
852 ## - LOCALIZACIÓN
Ubicación ES-MaACL
Número de control de estantería C-25249
Sublocalización o colección R.54033
Holdings
Estatus retirado Estado de pérdida Estado de daño No para préstamo Biblioteca de origen Biblioteca actual Ubicación en estantería Fecha de adquisición Fuente de adquisición Total de préstamos Signatura topográfica completa Código de barras Visto por última vez Precio de reemplazo Tipo de ítem Koha
        Biblioteca del Ateneo de Madrid Biblioteca del Ateneo de Madrid Depósito 2 17/01/2008     C-25249 1094318 23/02/2023 23/02/2023 Libro impreso